000 00425nam a2200169 a 4500
001 0000-8799
003 ELIB.Books
008 110520 1975
035 _a(ELIB.Books)0000-8945
082 _aB
_bEll
100 _aElliot, Elizabeth
245 _aThese strange Ashes
260 _bLondon: Harper & Brothers Publishers
_c1975
650 _aBiography
942 _2ddc
_cBK
998 _cbat
_e2011-05-20
999 _c8799
_d8799